Quiz about Brazil - Statistics

General Stats
  • This quiz has been taken 14 times
  • The average score is 9 of 15
Answer Stats
Hint Answer % Correct
40% of Brazils land is covered by this rainforest Amazon rainforest
100%
Capital Brasilia
100%
Country that Brazil gained its independence from Portugese Empire
93%
Ocean, East of Brazil Atlantic ocean
86%
Largest city in Brazil Sao Paulo
86%
The other one Chile
79%
One of the two South American countries not bordering Brazil Ecuador
71%
Currency Real
71%
Fertile low grasslands partially in Southeast Brazil Pampas
43%
Most spoken language Portugese
43%
Largest state in Brazil Amazonas
36%
Capital of Bahia Salvador
36%
Second longest river in South America Parana river
29%
Westernmost state in Brazil Acre
14%
Northernmost state in Brazil Roraima
0%
No matching quizzes found
Score Distribution
Percent of People with Each Score
Percentile by Number Answered
Your Score History
You have not taken this quiz